000 00729nam a2200193Ia 4500
003 GCL
008 140319s9999 xx 000 0 ara d
040 _aGCL /
_cGCL
082 0 4 _aش ف
_b791.43
_bع ب
100 1 _aعزالدين ذوالفقار (اخراج)
245 1 0 _aبين الاطلال( شرائط فيديو) /
_cعزالدين ذوالفقار (اخراج)
260 _aالقاهرة :
_bافلام جمال الليثى للسينما والفيديو
300 _a1 شريط:
_bس ، ب ؛
_c1\2 بوصة
650 0 4 _aالافلام العربية
650 0 4 _aالفيديو، أشرطة
650 0 4 _aالتسجيلات المرئية
650 0 4 _aالافلام العاطفية
942 _2ddc
_cVM
999 _c33994
_d33994